[Event "4NCL Online Division 3"]
[Site "online"]
[Date "2021.03.09"]
[EventDate "2021.03.09"]
[Round "4.163"]
[White "Gardiner, Ethan"]
[WhiteElo "1782"]
[WhiteTeam "Manchester Juniors A"]
[Black "Tuke, David"]
[BlackElo "1680"]
[BlackTeam "Preston South End"]
[Result "1-0"]
[PlyCount "93"]

1. e4 e6 2. d4 d5 3. Nc3 Bb4 4. e5 b6 5. a3 Bxc3+ 6. bxc3 Qd7 7. h4 Ba6 8. Bxa6 Nxa6 9. Qe2 Nb8 10. h5 h6 11. Qg4 f5 12. Qg6+ Qf7 13. Qxf7+ Kxf7 14. Ne2 Nd7 15. Nf4 Ne7 16. a4 Rhc8 17. Ba3 c5 18. Kd2 cxd4 19. cxd4 Rc4 20. Bxe7 Rxd4+ 21. Ke3 Re4+ 22. Kf3 Nxe5+ 23. Kg3 Kxe7 24. f3 Rc4 25. Rhe1 Nc6 26. Rxe6+ Kd7 27. Rg6 Rg8 28. Nxd5 Ne7 29. Rd1 Nxd5 30. Rxd5+ Kc7 31. Rxf5 Rxa4 32. Rf7+ Kb8 33. Rgxg7 Rxg7+ 34. Rxg7 Rc4 35. Rg6 Rxc2 36. Rxh6 b5 37. Rh8+ Kb7 38. h6 Rc1 39. Kh2 Rc6 40. g4 b4 41. g5 b3 42. h7 Rc2+ 43. Kg3 Kc7 44. Rb8 Kxb8 45. h8=Q+ Kb7 46. Qh7+ Kb6 47. Qd3 1-0

[Event "4NCL Online Division 3"]
[Site "online"]
[Date "2021.03.09"]
[EventDate "2021.03.09"]
[Round "4.164"]
[White "De Santos, Andrew"]
[WhiteElo "1483"]
[WhiteTeam "Preston South End"]
[Black "Jackson, Edward"]
[BlackElo "1752"]
[BlackTeam "Manchester Juniors A"]
[Result "0-1"]
[PlyCount "70"]

1. d4 Nf6 2. Nf3 e6 3. c3 d5 4. Bg5 c5 5. e3 Nc6 6. Bb5 Be7 7. Ne5 Qc7 8. Qa4 Bd7 9. Nxd7 Qxd7 10. dxc5 Bxc5 11. Bxf6 gxf6 12. O-O a6 13. Bxc6 Qxc6 14. Qf4 Ke7 15. Nd2 Bd6 16. Qf3 f5 17. Nb3 Qc7 18. g3 h5 19. h4 Rhg8 20. Kh2 Rg4 21. Kh3 Rag8 22. Rg1 Ke8 23. Rad1 Be7 24. Nd4 Bxh4 25. Ne2 Bd8 26. b3 h4 27. Rd4 hxg3 28. Rxg3 Rxg3+ 29. fxg3 Qe5 30. c4 Bb6 31. Rd3 Rh8+ 32. Kg2 Qa1 33. Qf1 Rh2+ 34. Kg1 Rh1+ 35. Kg2 Qxf1# 0-1

[Event "4NCL Online Division 3"]
[Site "online"]
[Date "2021.03.23"]
[EventDate "2021.03.23"]
[Round "5.11"]
[White "Singh, Amrik J"]
[WhiteElo "1936"]
[WhiteTeam "Warley Mighty Quins"]
[Black "Whalley, Mark E"]
[BlackElo "1748"]
[BlackTeam "Urmston"]
[Result "0-1"]
[PlyCount "34"]

1. e4 e6 2. f4 d5 3. e5 c5 4. d3 Nc6 5. Nf3 Nh6 6. c3 Be7 7. Na3 O-O 8. Nc2 f6 9. d4 cxd4 10. cxd4 fxe5 11. Nxe5 Nxe5 12. fxe5 Nf5 13. Ne3 Bb4+ 14. Ke2 Bd7 15. a4 b5 16. b3 Qh4 17. Qd3 Qe1+ 0-1

[Event "4NCL Online Division 3"]
[Site "online"]
[Date "2021.03.23"]
[EventDate "2021.03.23"]
[Round "5.13"]
[White "Emery, Ian"]
[WhiteElo "1825"]
[WhiteTeam "Warley Mighty Quins"]
[Black "Randall, Grant"]
[BlackElo "1583"]
[BlackTeam "Urmston"]
[Result "1-0"]
[PlyCount "109"]

1. e4 e5 2. Nf3 Nf6 3. Nxe5 d6 4. Nf3 Nxe4 5. d4 d5 6. Bd3 Be7 7. O-O Bg4 8. c4 c6 9. cxd5 cxd5 10. Qa4+ Qd7 11. Bb5 Nc6 12. Ne5 Qc8 13. Nxc6 bxc6 14. Bxc6+ Bd7 15. Bxd7+ Qxd7 16. Qxd7+ Kxd7 17. Nc3 Nxc3 18. bxc3 Rhc8 19. Bd2 Rc4 20. Rab1 Rac8 21. Rb5 Kc6 22. Rfb1 Ra4 23. R1b2 Ba3 24. R2b3 Re8 25. Be3 Bd6 26. Rb2 Ba3 27. Rb1 Bd6 28. R5b2 Rc4 29. Rc2 Be7 30. g3 g6 31. Kf1 Bd6 32. Ke2 Re7 33. Kd3 Rb7 34. Rb3 a5 35. Rcb2 Ra7 36. Rb6+ Kc7 37. Bg5 Kd7 38. R2b5 Ke6 39. Bf4 Rd7 40. Rxa5 Ke7 41. Rxd5 Bc7 42. Kxc4 Bxb6 43. Rxd7+ Kxd7 44. Kb5 Bd8 45. a4 Kc8 46. Kc6 Ba5 47. c4 f5 48. d5 Bd8 49. d6 Kb8 50. Kd7 Bb6 51. Ke8 Kb7 52. d7 Kc6 53. d8=Q Bxd8 54. Kxd8 Kc5 55. a5 1-0

[Event "4NCL Online Division 3"]
[Site "online"]
[Date "2021.03.23"]
[EventDate "2021.03.23"]
[Round "5.14"]
[White "Plunkett, Tim"]
[WhiteElo "1275"]
[WhiteTeam "Urmston"]
[Black "Jeffs, David"]
[BlackElo "1695"]
[BlackTeam "Warley Mighty Quins"]
[Result "1-0"]
[PlyCount "89"]

1. d4 d5 2. Nf3 Nc6 3. a3 Nf6 4. Bf4 e6 5. e3 Bd6 6. Bxd6 Qxd6 7. Nbd2 O-O 8. Bd3 a6 9. c4 Re8 10. cxd5 exd5 11. O-O Ne4 12. Qc2 f5 13. Rac1 Re7 14. Nb3 Qf6 15. Nc5 Rb8 16. Qb3 Nxc5 17. Rxc5 g5 18. Qc2 g4 19. Ne1 Bd7 20. Rxd5 Rbe8 21. Bxf5 Bxf5 22. Qxf5 Qxf5 23. Rxf5 Nxd4 24. exd4 Rxe1 25. Rc5 c6 26. Rc1 Rxf1+ 27. Kxf1 Rd8 28. Rd1 c5 29. d5 Rd6 30. Ke2 Kf7 31. Ke3 Kf6 32. Kf4 h5 33. g3 c4 34. f3 gxf3 35. Kxf3 Kf5 36. Rd4 b5 37. h3 a5 38. Ke3 Ke5 39. Re4+ Kxd5 40. Rd4+ Ke5 41. Rxd6 Kxd6 42. Kd4 Kc6 43. g4 hxg4 44. hxg4 Kd6 45. g5 1-0

[Event "4NCL Online Division 3"]
[Site "online"]
[Date "2021.03.23"]
[EventDate "2021.03.23"]
[Round "5.21"]
[White "George, Ian M"]
[WhiteElo "1904"]
[WhiteTeam "Camborne Trevithick"]
[Black "Fisher, Neal"]
[BlackElo "1902"]
[BlackTeam "Chessmates"]
[Result "1-0"]
[PlyCount "67"]

1. e4 e5 2. Nf3 Nc6 3. Bb5 Nge7 4. O-O a6 5. Ba4 b5 6. Bb3 Bb7 7. c3 d5 8. exd5 Nxd5 9. Re1 Bd6 10. Bxd5 O-O 11. d3 Na5 12. Bxb7 Nxb7 13. Nxe5 Bxe5 14. Rxe5 Re8 15. Rxe8+ Qxe8 16. Be3 Rd8 17. h3 Qd7 18. Qe2 Qxd3 19. Qxd3 Rxd3 20. Nd2 Nd6 21. Kf1 Nf5 22. Ke2 Rd7 23. Rd1 h5 24. Nf3 Rxd1 25. Kxd1 Nxe3+ 26. fxe3 Kf8 27. Ke2 Ke7 28. Kd3 Kd6 29. e4 f6 30. b4 c5 31. bxc5+ Kxc5 32. Nd4 g5 33. Nb3+ Kc6 34. Kd4 1-0

[Event "4NCL Online Division 3"]
[Site "online"]
[Date "2021.03.23"]
[EventDate "2021.03.23"]
[Round "5.22"]
[White "Tomlinson, Zak"]
[WhiteElo "1803"]
[WhiteTeam "Chessmates"]
[Black "Williams, Philip J"]
[BlackElo "1844"]
[BlackTeam "Camborne Trevithick"]
[Result "0-1"]
[PlyCount "106"]

1. e4 e6 2. d4 d5 3. exd5 exd5 4. Bd3 Nc6 5. c3 Bd6 6. Ne2 Qh4 7. Nd2 Nge7 8. Nf3 Qg4 9. Ng3 Qe6+ 10. Qe2 Qxe2+ 11. Nxe2 Bf5 12. Bxf5 Nxf5 13. g4 Nfe7 14. Bf4 Bxf4 15. Nxf4 O-O-O 16. Kd2 h6 17. h4 Rdf8 18. Rhe1 Re8 19. Re3 Kd8 20. Rae1 Nb8 21. Ne5 Rhf8 22. Ned3 Nd7 23. Nh5 Rg8 24. f4 g6 25. Ng3 Nc8 26. Ne5 Nd6 27. Nxd7 Kxd7 28. b3 Rxe3 29. Rxe3 Re8 30. h5 Rxe3 31. Kxe3 Ke7 32. g5 gxh5 33. gxh6 Kf8 34. h7 Kg7 35. Nxh5+ Kxh7 36. Nf6+ Kg6 37. Nxd5 c6 38. Nb4 Kf5 39. Nd3 Ne4 40. c4 Nd6 41. a3 f6 42. d5 cxd5 43. cxd5 b6 44. a4 Nb7 45. Nb4 Nc5 46. Nc6 a5 47. Nd4+ Kg6 48. d6 Kf7 49. f5 Ke8 50. Kd2 Kd7 51. Nb5 Nxb3+ 52. Kc3 Nc5 53. Nd4 Ne4+ 0-1

[Event "4NCL Online Division 3"]
[Site "online"]
[Date "2021.03.23"]
[EventDate "2021.03.23"]
[Round "5.23"]
[White "Morgan, Jamie"]
[WhiteElo "1864"]
[WhiteTeam "Camborne Trevithick"]
[Black "Catt, Peter"]
[BlackElo "1770"]
[BlackTeam "Chessmates"]
[Result "1-0"]
[PlyCount "103"]

1. e4 c5 2. Nc3 d6 3. Bb5+ Bd7 4. a4 Nc6 5. f4 g6 6. Nf3 Bg7 7. O-O Nf6 8. d3 O-O 9. Kh1 a6 10. Bc4 e6 11. e5 dxe5 12. Nxe5 Be8 13. Be3 Nd4 14. Bxd4 cxd4 15. Ne2 Nd5 16. Bxd5 Qxd5 17. Nc4 Bc6 18. Rf2 Qh5 19. Nb6 Rad8 20. Ng3 Qc5 21. a5 Qb4 22. b3 Qd6 23. Qe2 Qc5 24. Nc4 Bd5 25. Ne4 Qc7 26. Nb6 Bxe4 27. Qxe4 Qc3 28. Ra4 Rd6 29. Qe2 Rc6 30. h3 Rc7 31. Kh2 Qc6 32. Rc4 Qd6 33. Rxc7 Qxc7 34. Qe4 f5 35. Qxe6+ Kh8 36. Nc4 Rf6 37. Qe8+ Rf8 38. Qe6 Rf6 39. Qd5 Rf8 40. Ne5 Bxe5 41. Qxe5+ Qxe5 42. fxe5 Re8 43. Rf4 Rxe5 44. Rxd4 Rxa5 45. Rd7 Rb5 46. Kg3 Rb4 47. d4 a5 48. Kf4 b5 49. Ke5 a4 50. Kf6 h5 51. Kxg6 Rxd4 52. Rxd4 1-0

[Event "4NCL Online Division 3"]
[Site "online"]
[Date "2021.03.23"]
[EventDate "2021.03.23"]
[Round "5.24"]
[White "Duffell, Andrew"]
[WhiteElo "1613"]
[WhiteTeam "Chessmates"]
[Black "Healey, Grant"]
[BlackElo "1872"]
[BlackTeam "Camborne Trevithick"]
[Result "1-0"]
[PlyCount "125"]

1. d4 d6 2. c4 g6 3. Nc3 Bg7 4. e4 Nd7 5. f4 e5 6. fxe5 dxe5 7. d5 Nc5 8. Nf3 Bg4 9. Be2 Bxf3 10. Bxf3 Qh4+ 11. g3 Qd8 12. Be3 Qe7 13. Qd2 O-O-O 14. Nb5 a6 15. Na3 f5 16. O-O Nxe4 17. Bxe4 fxe4 18. b4 Nf6 19. Bc5 Qd7 20. b5 b6 21. bxa6 Qa4 22. Qb4 Qxb4 23. Bxb4 h5 24. Nb5 e3 25. a4 h4 26. a5 e2 27. Rf2 hxg3 28. hxg3 Ne4 29. Na7+ Kb8 30. Nc6+ Kc8 31. Rf7 Rd7 32. Rxd7 Kxd7 33. axb6 cxb6 34. a7 Ra8 35. Kg2 Nd6 36. Bxd6 Kxd6 37. Kf2 b5 38. Rb1 bxc4 39. Rb8 Rxa7 40. Nxa7 Kxd5 41. Kxe2 Kd4 42. Rd8+ Kc3 43. Nb5+ Kb3 44. Rc8 e4 45. Ke3 Be5 46. g4 g5 47. Kxe4 Bf4 48. Kd5 Kb4 49. Rxc4+ Kxb5 50. Rc8 Kb6 51. Ke4 Kb7 52. Rc2 Kb6 53. Kd5 Kb5 54. Rb2+ Ka4 55. Kc4 Ka5 56. Rb1 Ka6 57. Kc5 Ka7 58. Kc6 Ka8 59. Rb7 Be3 60. Kc7 Bf4+ 61. Kc8 Bg3 62. Rb3 Bf4 63. Ra3# 1-0

[Event "4NCL Online Division 3"]
[Site "online"]
[Date "2021.03.23"]
[EventDate "2021.03.23"]
[Round "5.31"]
[White "McIntyre, John W"]
[WhiteElo "1898"]
[WhiteTeam "Phones Pals"]
[Black "Parsons, Roy W"]
[BlackElo "1751"]
[BlackTeam "Kent KJCA Kestrels D"]
[Result "0-1"]
[PlyCount "126"]

1. d4 Nf6 2. Bf4 g6 3. e3 Bg7 4. Nf3 d5 5. Be2 O-O 6. O-O c6 7. c4 Nbd7 8. Nc3 Re8 9. h3 b6 10. Rc1 dxc4 11. Bxc4 Bb7 12. Qb3 e6 13. Rfd1 Qe7 14. a4 Nd5 15. Nxd5 exd5 16. Bd3 c5 17. Bb1 c4 18. Qc3 Rac8 19. Re1 Nc5 20. Be5 Nxa4 21. Qc2 Qb4 22. Re2 Ba6 23. Bd6 Qxd6 24. Qxa4 b5 25. Qa5 Qb6 26. Qxb6 axb6 27. Bc2 b4 28. Ra1 Ra8 29. Ree1 b3 30. Bd1 Bb7 31. Be2 Ra2 32. Bf1 Rea8 33. Rxa2 Rxa2 34. Rb1 b5 35. Kh2 Bc8 36. g4 b4 37. Kg3 Bd7 38. Kf4 Ba4 39. Ne5 c3 40. Nd3 c2 41. Rc1 Bf8 42. Ke5 Bb5 43. Kxd5 Bxd3 44. Bxd3 Rxb2 45. Kc4 Be7 46. Be4 Kf8 47. Kd3 Rb1 48. Kd2 Rb2 49. Bd5 Ke8 50. Bc4 f6 51. f3 Kd7 52. Bg8 h6 53. f4 g5 54. f5 Kc6 55. Bc4 Kb6 56. Bd3 Ka5 57. Bc4 Ka4 58. Ra1+ Ra2 59. Rc1 Ka3 60. Be6 b2 61. Rxc2 b1=Q 62. Rxa2+ Qxa2+ 63. Bxa2 Kxa2 0-1

[Event "4NCL Online Division 3"]
[Site "online"]
[Date "2021.03.23"]
[EventDate "2021.03.23"]
[Round "5.32"]
[White "Lettington, David"]
[WhiteElo "1645"]
[WhiteTeam "Kent KJCA Kestrels D"]
[Black "Barker, Luke"]
[BlackElo "1826"]
[BlackTeam "Phones Pals"]
[Result "1-0"]
[PlyCount "77"]

1. Nf3 d5 2. g3 Nf6 3. Bg2 g6 4. O-O c5 5. d3 Bg7 6. c3 O-O 7. Nbd2 b6 8. e4 Bb7 9. Qe1 dxe4 10. dxe4 Ba6 11. c4 Nbd7 12. e5 Ng4 13. e6 Nde5 14. Qe2 Rb8 15. h3 Nxf3+ 16. Nxf3 Nh6 17. Bf4 Nf5 18. exf7+ Kh8 19. Bxb8 Qxb8 20. Rad1 b5 21. g4 Nd4 22. Nxd4 cxd4 23. Qe6 bxc4 24. Qxa6 Rxf7 25. Qxc4 Rf4 26. b3 e5 27. Qd5 Qb6 28. Rfe1 d3 29. Rxe5 Qxf2+ 30. Kh2 Rf8 31. Rf1 Qc2 32. Rxf8+ Bxf8 33. Qf7 Bd6 34. Qf6+ Kg8 35. Qxd6 d2 36. Bd5+ Kg7 37. Qe7+ Kh6 38. g5+ Kh5 39. Qxh7# 1-0

[Event "4NCL Online Division 3"]
[Site "online"]
[Date "2021.03.23"]
[EventDate "2021.03.23"]
[Round "5.33"]
[White "Glen, Hamish"]
[WhiteElo "1613"]
[WhiteTeam "Phones Pals"]
[Black "Chaban, Roxolana"]
[BlackElo "1686"]
[BlackTeam "Kent KJCA Kestrels D"]
[Result "1-0"]
[PlyCount "87"]

1. e4 c5 2. Nc3 g6 3. Bc4 Bg7 4. f4 Nc6 5. Nf3 e6 6. O-O Nge7 7. f5 O-O 8. fxe6 fxe6 9. Qe1 d5 10. exd5 exd5 11. Be2 Bf5 12. d3 a5 13. Qh4 Bf6 14. Bg5 Bxg5 15. Nxg5 h5 16. g4 Bc8 17. Rxf8+ Qxf8 18. Rf1 Qg7 19. gxh5 Qd4+ 20. Qxd4 Nxd4 21. hxg6 Nxe2+ 22. Nxe2 Nxg6 23. Nf4 Nxf4 24. Rxf4 b6 25. Rf6 Rb8 26. Rd6 d4 27. Rd8+ Kg7 28. Ne4 b5 29. Nd6 c4 30. Rxc8 Rxc8 31. Nxc8 Kf6 32. Nd6 cxd3 33. cxd3 b4 34. Kf2 Ke6 35. Ne4 Ke5 36. Kf3 Kd5 37. Kf4 Kc6 38. h4 Kb5 39. Ke5 Ka4 40. Kxd4 Kb5 41. h5 Ka4 42. Nd2 b3 43. axb3+ Kb4 44. h6 1-0

[Event "4NCL Online Division 3"]
[Site "online"]
[Date "2021.03.23"]
[EventDate "2021.03.23"]
[Round "5.34"]
[White "Brightley-Davies, Ciaran"]
[WhiteElo "1625"]
[WhiteTeam "Kent KJCA Kestrels D"]
[Black "McShane, James"]
[BlackElo "1200"]
[BlackTeam "Phones Pals"]
[Result "0-1"]
[PlyCount "60"]

1. e4 e5 2. Nf3 Nc6 3. d4 exd4 4. Nxd4 Bc5 5. Nb3 Bb6 6. Nc3 Nf6 7. Bb5 O-O 8. O-O d6 9. Bg5 h6 10. Bh4 Ne5 11. Nd5 g5 12. Nxf6+ Qxf6 13. Bg3 Ng6 14. Kh1 Qxb2 15. f4 gxf4 16. Bxf4 Nxf4 17. Rxf4 Qe5 18. Qf3 Qxb5 19. Qg3+ Qg5 20. Qf3 Be6 21. h4 Qg7 22. Rf1 Kh7 23. Nd2 Rg8 24. g3 Qxg3 25. Qxg3 Rxg3 26. Nf3 Be3 27. Rf6 Rag8 28. Re1 Bd4 29. e5 Bd5 30. Rf1 Rh3# 0-1

[Event "4NCL Online Division 3"]
[Site "online"]
[Date "2021.03.23"]
[EventDate "2021.03.23"]
[Round "5.41"]
[White "Sudhan, Hari Hara"]
[WhiteElo "2120"]
[WhiteTeam "Uxbridge A Cults"]
[Black "Herman, Thomas"]
[BlackElo "1841"]
[BlackTeam "Dorking Casuals"]
[Result "1-0"]
[PlyCount "97"]

1. Nf3 d5 2. d4 Nf6 3. g3 Bf5 4. Bg2 e6 5. O-O Bd6 6. Nbd2 Nbd7 7. c4 c6 8. b3 O-O 9. Bb2 h6 10. Rc1 Re8 11. Ne5 Bh7 12. Re1 Bc7 13. e3 Nxe5 14. dxe5 Nd7 15. cxd5 exd5 16. f4 Bb6 17. b4 f6 18. a4 fxe5 19. a5 Bc7 20. a6 bxa6 21. Rxc6 Nf6 22. Nb3 Be4 23. Nc5 Bxg2 24. Kxg2 Bb6 25. Bxe5 Bxc5 26. bxc5 Ne4 27. Qg4 Re7 28. Bd4 Qd7 29. Qxd7 Rxd7 30. Ra1 Rb8 31. Rcxa6 Rc8 32. Rxa7 Rxa7 33. Rxa7 g5 34. Rg7+ Kf8 35. Rg6 Nxc5 36. Rxh6 Kf7 37. Bxc5 Rxc5 38. fxg5 Rc2+ 39. Kf3 Rc4 40. h4 Ra4 41. Rd6 Ra5 42. h5 d4 43. g6+ Kg7 44. Rd7+ Kf6 45. g7 Rg5 46. h6 dxe3 47. h7 e2 48. Kxe2 Rxg7 49. h8=Q 1-0

[Event "4NCL Online Division 3"]
[Site "online"]
[Date "2021.03.23"]
[EventDate "2021.03.23"]
[Round "5.42"]
[White "Collins, Anthony S"]
[WhiteElo "1897"]
[WhiteTeam "Dorking Casuals"]
[Black "Symonds, Richard H"]
[BlackElo "1990"]
[BlackTeam "Uxbridge A Cults"]
[Result "0-1"]
[PlyCount "140"]

1. e4 d6 2. d4 Nf6 3. Nc3 Nbd7 4. Nf3 e5 5. Be3 c6 6. h3 Be7 7. Be2 Qc7 8. Qd2 b5 9. d5 b4 10. dxc6 bxc3 11. cxd7+ Bxd7 12. Qxc3 Qxc3+ 13. bxc3 Nxe4 14. Ba6 Bc6 15. c4 Bf6 16. O-O O-O 17. a3 Rfb8 18. Rfd1 Rb2 19. Ne1 Be7 20. Rd3 Nc5 21. Bxc5 dxc5 22. a4 e4 23. Rb3 Bf6 24. Rb1 Rxb1 25. Rxb1 Bxa4 26. Kf1 Bc6 27. Ke2 Be5 28. g3 f5 29. Ng2 Rb8 30. Rxb8+ Bxb8 31. Bb5 Bb7 32. Ne3 g6 33. Nd5 Kf7 34. f4 exf3+ 35. Kxf3 Ke6 36. g4 h6 37. Be8 g5 38. gxf5+ Kxf5 39. Ke3 Bd6 40. Nc3 Ke5 41. Bd7 a6 42. Nd5 Bb8 43. Kd3 Kd6 44. Bg4 a5 45. Nf6 a4 46. c3 Ba6 47. Be2 Ke7 48. Ng8+ Ke6 49. Nxh6 Ke5 50. Ng4+ Kf4 51. Nf6 Bc8 52. Nd5+ Kg3 53. Kc2 Kxh3 54. Nb6 Bf5+ 55. Kb2 g4 56. Nxa4 Bd6 57. Bxg4+ Kxg4 58. Nb6 Bd3 59. Kb3 Kf3 60. Ka4 Bg6 61. Kb5 Be8+ 62. Ka5 Ke4 63. Ka6 Kd3 64. Nc8 Bf8 65. Nb6 Kxc3 66. Kb7 Kb4 67. Kc7 Ka5 68. Nd5 Bf7 69. Kc6 Bxd5+ 70. Kxd5 Kb4 0-1

[Event "4NCL Online Division 3"]
[Site "online"]
[Date "2021.03.23"]
[EventDate "2021.03.23"]
[Round "5.43"]
[White "Kamath, Raghu"]
[WhiteElo "1900"]
[WhiteTeam "Uxbridge A Cults"]
[Black "Buckley, Keith"]
[BlackElo "1616"]
[BlackTeam "Dorking Casuals"]
[Result "1-0"]
[PlyCount "109"]

1. e4 d6 2. f4 Nd7 3. Nf3 e5 4. Bc4 Be7 5. O-O Nh6 6. d3 Ng4 7. h3 Ngf6 8. Nc3 c6 9. a3 O-O 10. fxe5 dxe5 11. Be3 b5 12. Bb3 Bc5 13. Qe2 Qe7 14. Rae1 Nh5 15. Kh2 Bxe3 16. Qxe3 Nc5 17. Ba2 Nf4 18. Nxe5 Ng6 19. Bxf7+ Kh8 20. Nxg6+ hxg6 21. Bxg6 Ne6 22. Qe2 Qg5 23. Rxf8+ Nxf8 24. Qh5+ Qxh5 25. Bxh5 g6 26. Bf3 Bd7 27. e5 Re8 28. d4 a5 29. Ne4 Ne6 30. c3 Re7 31. Nf6 Nd8 32. Nxd7 Rxd7 33. g4 Kg7 34. Kg3 Re7 35. h4 Kf7 36. g5 Ke8 37. Be4 Rg7 38. Rf1 Ke7 39. Rf6 b4 40. axb4 axb4 41. Bxg6 bxc3 42. bxc3 Kd7 43. Rd6+ Kc7 44. Rf6 Kd7 45. h5 Ke7 46. h6 Rg8 47. Kg4 Rh8 48. h7 Ne6 49. Rf7+ Kd8 50. Kf5 Nf8 51. Kf6 Nxg6 52. Kxg6 Ke8 53. Ra7 Rxh7 54. Rxh7 Kd8 55. Kf6 1-0

[Event "4NCL Online Division 3"]
[Site "online"]
[Date "2021.03.23"]
[EventDate "2021.03.23"]
[Round "5.44"]
[White "Davies, Will"]
[WhiteElo "1518"]
[WhiteTeam "Dorking Casuals"]
[Black "Colter, Nigel"]
[BlackElo "1758"]
[BlackTeam "Uxbridge A Cults"]
[Result "0-1"]
[PlyCount "102"]

1. e4 e6 2. d4 d5 3. e5 c5 4. c3 Nc6 5. Nf3 Nge7 6. a3 cxd4 7. cxd4 Nf5 8. b4 Bd7 9. Be2 Rc8 10. O-O Be7 11. Bb2 O-O 12. Nbd2 Rc7 13. Nb3 b6 14. b5 Nb8 15. Qd2 Nh4 16. a4 Nxf3+ 17. gxf3 Bg5 18. f4 Bh6 19. Bd3 Qh4 20. f3 Bxf4 21. Qg2 f6 22. Kh1 fxe5 23. Rg1 Be8 24. dxe5 Bh5 25. Nd4 Be3 26. Qg3 Qxg3 27. Rxg3 Bxd4 28. Bxd4 Bxf3+ 29. Kg1 Nd7 30. Rh3 g6 31. Rg3 Bh5 32. Re1 Nc5 33. Bxc5 Rxc5 34. Ra1 d4 35. a5 bxa5 36. Rxa5 Rf7 37. Ra6 Rxe5 38. h4 Be2 39. Bxg6 hxg6 40. Rxg6+ Kh7 41. Raxe6 Rxe6 42. Rxe6 Bxb5 43. Re1 d3 44. Rd1 a5 45. Rd2 Kh6 46. Kg2 Kh5 47. Kg3 Rf5 48. Rb2 a4 49. Rd2 a3 50. Ra2 Rd5 51. Kf3 d2 0-1

[Event "4NCL Online Division 3"]
[Site "online"]
[Date "2021.03.23"]
[EventDate "2021.03.23"]
[Round "5.51"]
[White "Zakarian, Dimitrios Levon"]
[WhiteElo "1882"]
[WhiteTeam "Oxford 3"]
[Black "Conterno, Dominique"]
[BlackElo "2007"]
[BlackTeam "Downend 2"]
[Result "0-1"]
[PlyCount "68"]

1. d4 Nf6 2. Nf3 g6 3. c4 Bg7 4. g3 O-O 5. Bg2 d6 6. O-O Nc6 7. Nc3 a6 8. Qd3 e5 9. d5 Ne7 10. e4 Nh5 11. Bd2 f5 12. Ng5 f4 13. Ne6 Bxe6 14. dxe6 c6 15. Rad1 Qc7 16. b4 Rad8 17. a4 g5 18. h3 Bf6 19. b5 axb5 20. axb5 Ng7 21. bxc6 bxc6 22. Rb1 Nxe6 23. Na4 Qa7 24. Qa3 fxg3 25. Be3 gxf2+ 26. Bxf2 c5 27. Rb6 Nd4 28. Bxd4 exd4 29. e5 Bxe5 30. Rb7 Rxf1+ 31. Kxf1 Rf8+ 32. Kg1 Qa5 33. Qd3 Qe1+ 34. Bf1 Qf2+ 0-1

[Event "4NCL Online Division 3"]
[Site "online"]
[Date "2021.03.23"]
[EventDate "2021.03.23"]
[Round "5.52"]
[White "Williams, Stephen M"]
[WhiteElo "1843"]
[WhiteTeam "Downend 2"]
[Black "Arora, Tashika"]
[BlackElo "1885"]
[BlackTeam "Oxford 3"]
[Result "1/2-1/2"]
[PlyCount "85"]

1. d4 Nf6 2. Nf3 g6 3. Bf4 Bg7 4. Nc3 d5 5. e3 O-O 6. h3 c5 7. dxc5 Qa5 8. Qd2 Nc6 9. Bd3 Qxc5 10. O-O Re8 11. e4 dxe4 12. Bxe4 Nxe4 13. Nxe4 Qc4 14. Rfe1 Bf5 15. b3 Qb4 16. c3 Qb5 17. Nd4 Nxd4 18. cxd4 Qd5 19. Ng3 Be6 20. Be5 Red8 21. Bxg7 Kxg7 22. Red1 Rac8 23. Ne2 Bf5 24. Rac1 Rxc1 25. Rxc1 e5 26. Qb2 exd4 27. Rd1 Qe5 28. Nxd4 Kg8 29. Rd2 Qe1+ 30. Kh2 Qe5+ 31. Kg1 Qe1+ 32. Kh2 Qe5+ 33. g3 Rc8 34. Re2 Qf6 35. Nxf5 Qxf5 36. a4 h5 37. h4 Rd8 38. b4 Qf3 39. Re3 Qf5 40. Re5 Qf3 41. Re3 Qf5 42. Re5 Qf3 43. Re3 1/2-1/2

[Event "4NCL Online Division 3"]
[Site "online"]
[Date "2021.03.23"]
[EventDate "2021.03.23"]
[Round "5.53"]
[White "Hobson, Kenneth"]
[WhiteElo "1930"]
[WhiteTeam "Oxford 3"]
[Black "Benkhoucha, Samy"]
[BlackElo "1574"]
[BlackTeam "Downend 2"]
[Result "0-1"]
[PlyCount "124"]

1. e4 e5 2. Nf3 Nc6 3. Bc4 Bc5 4. c3 Nf6 5. d3 d6 6. Nbd2 a6 7. h3 Ba7 8. Nf1 h6 9. Be3 d5 10. exd5 Nxd5 11. Bxa7 Rxa7 12. Ng3 b5 13. Bb3 Nf4 14. d4 Nxg2+ 15. Kf1 Nf4 16. dxe5 Qxd1+ 17. Rxd1 Bxh3+ 18. Kg1 Bg2 19. Bd5 Ne7 20. Rh4 Nexd5 21. Nd4 g5 22. Rh2 Bh3 23. Nc6 Ra8 24. Ne4 Bd7 25. Nb4 c6 26. f3 a5 27. Nxd5 Nxd5 28. b3 Ke7 29. Rhd2 Be6 30. c4 Nf4 31. cxb5 cxb5 32. Rc2 Rac8 33. Rcd2 Rhd8 34. Nd6 Rc5 35. Nf5+ Bxf5 36. Rxd8 Rxe5 37. Ra8 Re2 38. Rxa5 Bh3 39. Ra7+ Ke6 40. Ra6+ Ke7 41. Rxh6 Rg2+ 42. Kh1 Rxa2 43. Re1+ Kf8 44. Re5 Bg2+ 45. Kh2 Kg7 46. Rb6 f6 47. Re7+ Kg6 48. Kg1 Nd5 49. Ree6 Nxb6 50. Rxb6 Bxf3 51. Rxb5 g4 52. Rb8 Kf5 53. Re8 Kf4 54. Re1 Rg2+ 55. Kf1 Rb2 56. b4 Rxb4 57. Kf2 g3+ 58. Kg1 Rb8 59. Ra1 Rh8 60. Ra4+ Kg5 61. Ra5+ f5 62. Kf1 Rh1# 0-1

[Event "4NCL Online Division 3"]
[Site "online"]
[Date "2021.03.23"]
[EventDate "2021.03.23"]
[Round "5.54"]
[White "Bleeg, Elliott"]
[WhiteElo "1309"]
[WhiteTeam "Downend 2"]
[Black "Finn, Chris"]
[BlackElo "1889"]
[BlackTeam "Oxford 3"]
[Result "0-1"]
[PlyCount "84"]

1. e4 e6 2. d4 d5 3. e5 c5 4. c3 Nc6 5. Nf3 Qb6 6. Be2 cxd4 7. cxd4 Nge7 8. Nc3 Nf5 9. Na4 Qa5+ 10. Bd2 Bb4 11. Bc3 b5 12. Bxb4 Qxb4+ 13. Nc3 a6 14. Qd2 Ncxd4 15. Nxd4 Qxd4 16. Qxd4 Nxd4 17. O-O b4 18. Rfd1 Nc6 19. Na4 Nxe5 20. Nb6 Rb8 21. Nxc8 Rxc8 22. Bxa6 Rc2 23. Bb5+ Ke7 24. Rab1 Ra8 25. Bd3 Nxd3 26. Rxd3 Rxa2 27. Rb3 d4 28. Rxb4 d3 29. Rd4 Raxb2 30. Rd1 Rxf2 31. R4xd3 Rxg2+ 32. Kf1 Rxh2 33. Rd7+ Kf6 34. Kg1 Rbg2+ 35. Kf1 h5 36. R7d3 g5 37. Rf3+ Kg6 38. Rfd3 g4 39. Rd4 h4 40. R4d3 h3 41. Rxh3 gxh3 42. Rd2 Rh1# 0-1

[Event "4NCL Online Division 3"]
[Site "online"]
[Date "2021.03.23"]
[EventDate "2021.03.23"]
[Round "5.63"]
[White "Shrestha, Unnabh"]
[WhiteElo "1454"]
[WhiteTeam "East Kilbride Strollers"]
[Black "Combie, Alex B"]
[BlackElo "1926"]
[BlackTeam "Ashfield Anonymous B"]
[Result "0-1"]
[PlyCount "106"]

1. d4 d5 2. Bf4 Nf6 3. e3 e6 4. Nf3 Bd6 5. Bg3 c5 6. c3 Qc7 7. Bd3 Nc6 8. Nbd2 b6 9. Qe2 Bb7 10. Bxd6 Qxd6 11. h3 O-O 12. O-O e5 13. dxe5 Nxe5 14. Bc2 Rfe8 15. Nxe5 Qxe5 16. Nf3 Qc7 17. Rad1 Rad8 18. Ba4 Bc6 19. Bxc6 Qxc6 20. Qa6 Qc7 21. Qb5 Qb7 22. Qb3 b5 23. a3 a5 24. Rc1 Rb8 25. Rfd1 Rec8 26. Qc2 b4 27. axb4 axb4 28. Qd2 bxc3 29. bxc3 h6 30. c4 Rd8 31. Qc2 Rbc8 32. Rb1 Qc7 33. Rbc1 Rd7 34. cxd5 Rxd5 35. Rxd5 Nxd5 36. Qc4 Nb6 37. Qb5 Qc6 38. Qxc6 Rxc6 39. Ne5 Rc7 40. Kf1 Kf8 41. Ke2 Ke7 42. Kd3 Kd6 43. Nc4+ Nxc4 44. Rxc4 Ra7 45. e4 Ra2 46. Ke3 Rb2 47. g3 Rb3+ 48. Kf4 Rb4 49. Rc3 c4 50. f3 Kc5 51. Ke3 Rb2 52. h4 Kb4 53. Kd4 Rd2+ 0-1

[Event "4NCL Online Division 3"]
[Site "online"]
[Date "2021.03.23"]
[EventDate "2021.03.23"]
[Round "5.64"]
[White "Flynn, David"]
[WhiteElo "1914"]
[WhiteTeam "Ashfield Anonymous B"]
[Black "Shrestha, Deepesh"]
[BlackElo "1242"]
[BlackTeam "East Kilbride Strollers"]
[Result "1-0"]
[PlyCount "105"]

1. e4 c6 2. d4 d5 3. exd5 cxd5 4. Bd3 Nf6 5. c3 Bg4 6. Qb3 Qc8 7. Bf4 a6 8. Nd2 e6 9. Ngf3 Nc6 10. O-O Be7 11. Rae1 O-O 12. Re3 Nh5 13. Be5 Nxe5 14. Nxe5 Nf6 15. Nxg4 Nxg4 16. Rh3 h6 17. Bb1 Qc7 18. Qc2 f5 19. Nf3 Bd6 20. Re1 Rf6 21. Qe2 Re8 22. Ne5 Bxe5 23. dxe5 Rf7 24. Rd3 h5 25. h3 Nh6 26. Qxh5 b5 27. f4 Qc4 28. Rd4 Qc5 29. Kh2 Rb8 30. Qd1 a5 31. a3 Ra7 32. Qd3 Nf7 33. Bc2 Nd8 34. Qe3 Qc7 35. Rd2 Rab7 36. Bd1 g6 37. Be2 b4 38. axb4 axb4 39. Rc1 bxc3 40. bxc3 Nc6 41. Qc5 Rb5 42. Bxb5 Rb6 43. Bxc6 Rxc6 44. Qe3 Rc4 45. Rd4 Rc5 46. Qd2 Kg7 47. Qb2 Kh6 48. Rb4 Qa5 49. Rb8 Kg7 50. Qb7+ Rc7 51. Qb4 Qa7 52. Qf8+ Kh7 53. Qh8# 1-0